000 00791nam a2200241Ia 4500
003 OSt
005 20220923220234.0
006 a|||||r|||| 00| 0
007 ta
008 220922b |||||||| |||| 00| 0 hin d
024 _a185,333
037 _cTextual
040 _aARTS
_cARTS
_bhin
041 _2hin
_ahin
082 _aO152,2xN5, M5-;1
100 _aब्रजराज किशेार, संपा.
245 0 _aपाँच नुक्कड़ नाटक
246 _aPāँch nukkaड़ nāṭaka
260 _aदिल्ली
_b जनप्रिय प्रकाशन
_c1985
300 _a99 पृ.
_ccm.
942 _hO152,2xN5, M5-;1
_cTEXL
_2CC
999 _c338579
_d338579